Докладная записка Л.Ф. Шухтана, председателя правления Общества Северо-Донецкой железной дороги, "О результатах эксплуатации час...

Доступно только в Электронных читальных залах Найти на картеНа карте
RUSMARC
00004378nmc2a22000003x 450
0018cb8f575-be94-455d-9dc2-107f8e4be5ef
00520180927181914.0
100##$a20170403l19121912k l0rusy0189 ca
1010#$arus
102##$aRU
2001#$aДокладная записка Л.Ф. Шухтана, председателя правления Общества Северо-Донецкой железной дороги, "О результатах эксплуатации частных железных дорог в 1911 году"
$j15 ноября 1912 г.
$eс сопроводительным письмом Л.Ф. Шухтана М.М. Алексеенко (машинописное, подпись - автограф)
251##$cДело
300##$aПечатные материалы к докладам Бюджетной комиссии 3 и 4 Государственных дум по сметам министерств: финансов, торговли и промышленности, путей сообщения. По сооружению и эксплуатации железных дорог
300##$aПечатный материал
801#0$aRU
$bРГИА
$c20170403
$gRCR
801#1$aRU
$bГлавНИВЦ
$c20170403
$2rusmarc
801#2$aRU
$bПБ им. Б.Н. Ельцина
$c20180927
$gRCR
$2rusmarc
850##$aРГИА
852##$aРГИА
$eФедеральное казенное учреждение "Российский государственный исторический архив" (РГИА)
$j41
937##$hРГИА
$d12234336
$aASBIBLIO_SCAN
462#0$1001f4cc5ff3-a559-440c-b487-45d74f44b7e2
$12001
$aПечатные отчеты, доклады и другие материалы о заседаниях Государственной думы, о деятельности государственного и других банков, Романовского комитета по обеспечению сирот и детей воинов; материалы к проекту переустройства Одесского порта и об организации Одесской фабрично-заводской художественной выставки
$1251
$cОпись
$1852
$j1
461#0$1001c208dac8-5ac4-4eeb-b5b1-f93dab802890
$12001
$aАлексеенко Михаил Мартынович (1847-1917 гг.)
$1251
$cФонд
$1852
$j1616
215##$a6 л.
$d32х23 см
371##$aДокумент не является опубликованным и широко распространяемым
105##$ay###
1220#$ad
035##$a8cb8f575-be94-455d-9dc2-107f8e4be5ef
856##$uhttp://readingroom.main.prlib.ru/item.aspx?id_node=n118686667&mode=full
Формат отображения